Представление документа в формате MARC21

Поле Инд. ПП Название Значение
Тип записи a
Библиографический уровень m
001 Контрольный номер d2aabd7f-c39b-45ef-874a-5b181e9272a4
005 Дата корректировки 20131112084308.7
008 Кодируемые данные 031028
040 a Служба первич. каталог. НБ ТвГУ
041 a Код языка текста rus
080 a Индекс УДК 316.6(091)(47+57)"18"
084 a Индекс другой классификации/Индекс ББК Ю91(2)5
a Индекс другой классификации/Индекс ББК Ю95г(2)5
090 x Авторский знак Ч-60
a Полочн. индекс 15
100 1_ a Автор Чикин Борис Николаевич
245 10 a Заглавие Из истории социальной психологии в России ХIХ века
b Продолж. заглавия Лекции
c Ответственность Б. Н. Чикин; Науч.-метод. каб. по заоч. и веч. обучению МГУ им. М. В. Ломоносова
260 0_ a Место издания Москва
b Издательство Московский государственный университет
c Дата издания 1978
300 a Объем 161 с.
650 a Основная рубрика Социальная психология
x Основная подрубрика История
y Хронологическая подрубрика 19 в.
z Географическая подрубрика Россия
653 a Ключевые слова Социальная психология
a Ключевые слова История социальной психологии
a Ключевые слова Русская социальная психология
852 t Порядковый номер экземпляра 1
p Инвентарный номер 441881
863 t 10690000018872
954 a Дата поступления на обработку 20031104
999 a Подразделение 2 аб.